000 00620nam a2200217 i 4500
001 89934
003 ES-MaACL
005 20230906180314.0
007 t|
008 050117s1955 sp ||||1| spa d
100 1 _aLea, Tom.
_970945
245 1 3 _aLa frontera /
_cTom Lea ; [versión española de Carlos Paytuví de Sierra].
250 _a[1ª ed.].
260 _aBarcelona :
_bLuis de Caralt,
_c[1955] (
_fHorta)
300 _a293 p. ;
_c20 cm.
490 1 _aGigante
700 0 _aPaytuví de Sierra, Carlos.
_989742
830 0 _aGigante
_9181050
852 _aES-MaACL
_jC-11369
_bR.38038
999 _c89934
_d89934